M Pokora feat Soprano - Mieux que nous - Statistiques

Statistiques générales
  • Ce quiz a été pris 334 fois
  • Le résultat moyen est 302 sur 378
Statistiques - réponses
Hint Réponse % Correct
à
98%
a
98%
À
98%
la
98%
l'a
98%
m'a
98%
ma
98%
de
97%
le
97%
Couplet 1 ( M Pokora ) | Couplet 3 ( Soprano ) Maman
95%
Papa
95%
papa
95%
se
95%
en
94%
que
93%
tu
92%
Tu
92%
danse
91%
pas
91%
te
91%
chante
90%
mieux
90%
nous
90%
valse
90%
solo
89%
ta
89%
vie
88%
Elle
87%
elle
87%
les
87%
Les
87%
sa
87%
son
87%
un
87%
est
86%
me
86%
mon
86%
pour
85%
toute
85%
Refrain 1 ( M Pokora ) = 1 1
84%
dit
84%
feras
84%
Il
84%
il
84%
seule
84%
si
84%
une
84%
Une
84%
coeur
83%
Et
83%
et
83%
fait
83%
je
83%
Je
83%
tango
83%
Refrain 2 ( M Pokora ) = 2 2
82%
deux
81%
dos
81%
l'eau
81%
n'a
81%
Ses
81%
vous
81%
au
80%
cassé
80%
Comme
80%
loin
80%
parti
80%
Refrain 1 ( M Pokora ) | Refrain 2 ( M Pokora ) Petit
80%
petit
80%
printemps
80%
temps
80%
d'ici
79%
lui
79%
rêve
79%
ne
78%
Ne
78%
refaire
78%
du
77%
Du
77%
monde
77%
On
77%
on
77%
savais
77%
sur
77%
trop
77%
ces
75%
J'ai
75%
j'ai
75%
manque
75%
nid
75%
pouviez
75%
prison
75%
Mes
74%
mes
74%
rêves
74%
souffle
74%
week-end
74%
Allo
73%
d'être
72%
ou
72%
leur
71%
Leur
71%
Personne
71%
bonheur
70%
d'enfants
70%
partie
70%
détention
69%
fais
69%
l'aider
69%
mais
69%
peu
69%
saviez
69%
aux
68%
avec
68%
c'est
68%
changé
68%
niveau
68%
qu'elle
68%
photos
67%
enfants
66%
famille
66%
sourire
66%
tempo
66%
monter
65%
aime
64%
dignité
64%
vient
64%
foule
63%
oui
63%
passé
63%
passe
63%
rythme
63%
Souffrir
63%
amour
62%
l'amour
62%
mal
62%
puzzle
62%
essayé
61%
intempéries
61%
attendant
60%
comprendre
60%
entre
60%
n'y
60%
font
59%
m'aide
59%
cible
58%
jouer
58%
choisir
57%
d'un
57%
payer
57%
promesses
57%
siens
57%
souffre
57%
trahison
57%
acheter
56%
Autant
56%
caution
56%
demande
56%
nuits
56%
réconciliation
56%
récréation
56%
sais
56%
sourires
56%
toutes
56%
ont
55%
problème
55%
cours
54%
d'adulte
54%
indivisible
54%
jure
54%
soldats
54%
épidémie
53%
grands
53%
guerre
53%
j'te
53%
sale
53%
sont
53%
choeurs
51%
fassent
51%
infection
51%
donc
50%
Qu'ils
50%
connait
49%
l'accepter
49%
cherché
48%
Garde
41%
M'aider
38%
pouvez
35%
Aucun quiz correspondant
Distribution des résultats
% des personnes avec chaque résultat
Percentile par nombre de réponses
Votre historique - résultats
Vous n’avez pas pris ce quiz